Bird trapping and bird banding : (Registro nro. 5002)

Detalles MARC
000 -CABECERA
Campo de control 01069cam a2200253 a 4500
005 - FECHA Y HORA DE LA ULTIMA TRANSACCION
Campo de control 20151009090139.0
008 - ELEMENTOS DE LONGITUD FIJA—INFORMACION GENERAL
Campo de control 900309s1991 nyua bf 001 0 eng
020 ## - ISBN
ISBN 0801425255
040 ## - FUENTE DE CATALOGACIÓN
Agencia catalogadora original DLC
Agencia transcriptora DLC
Agencia Modificadora DLC
-- CO-BoIAVH
041 1# - IDIOMA
Código de idioma para texto/pista de sonido o título separado Inglés
Código de idioma de la versión original y/o traducciones intermedias del texto Alemán
044 ## - PAÍS DE PUBLICACIÓN
País de publicación Estados Unidos
082 00 - NUMERO DE CLASIFICACION DECIMAL DEWEY
Número de clasificación 598.07232
Número del ítem B91b
100 1# - ASIENTO PRINCIPAL--NOMBRE PERSONAL
Nombre personal Bub, Hans.
9 (RLIN) 22468
245 10 - MENCION DE TITULO
Título Bird trapping and bird banding :
Parte restante del título a handbook for trapping methods all over the world /
Mención de responsabilidad Hans Bub ; traducido por Frances Hamerstrom y Karin Wuertz-Schaefer ; iustraciones por Winfried Noll y Eitel Raddatz ; prólogos por George Jonkel y Chris Mead.
260 ## - PUBLICACION, DISTRIBUCION, ETC. (PIE DE IMPRENTA)
Lugar de publicación, distribución, etc. Ithaca, NY :
Nombre del editor, distribuidor, etc. Cornell University Press,
Fecha de publicación, distribución, etc. 1991.
300 ## - DESCRIPCION FISICA
Extensión 330 páginas :
Otros detalles físicos ilustraciones ;
Dimensiones 27 cm.
500 ## - NOTA GENERAL
Nota general Traducción de: Vogelfang und Vogelberingung.
504 ## - NOTA DE BIBLIOGRAFIA, ETC.
Nota de bibliografía Incluye referencias bibliográficas (páginas 308-325) e índice.
650 #0 - ASIENTO SECUNDARIO DE MATERIA - TERMINO TEMATICO
Término temático o nombre geográfico como elemento de entrada Captura de aves
Subdivisión general Manuales
9 (RLIN) 40667
650 #6 - ASIENTO SECUNDARIO DE MATERIA - TERMINO TEMATICO
Término temático o nombre geográfico como elemento de entrada Captura de aves
Subdivisión general Métodos
9 (RLIN) 40668
650 #6 - ASIENTO SECUNDARIO DE MATERIA - TERMINO TEMATICO
Término temático o nombre geográfico como elemento de entrada Captura de aves
Subdivisión general Trampas
9 (RLIN) 40669
650 #0 - ASIENTO SECUNDARIO DE MATERIA - TERMINO TEMATICO
Término temático o nombre geográfico como elemento de entrada Anillamiento de aves
Subdivisión general Manuales
9 (RLIN) 40670
942 ## - ELEMENTOS ADICIONALES (KOHA)
Sistema de clasificación Dewey Decimal Classification
Tipo de ítem Libro
Existencias
Withdrawn status Lost status Sistema de Clasificación Damaged status No para préstamo Colección Inventariado Ubicación Permanente Ubicación actual Fecha de adquisición Fuente de Valor Total Checkouts Número topográfico Inventario / Código de Barras Date last seen Ejemplar Price effective from Forma de adquisición Tipo de material
    Dewey Decimal Classification     General Inventariado 2017 Bogotá Bogotá 21/12/2005 Amazon   LB-598.07232 B91b 022665 04/12/2012 Ej. 1 04/12/2012 Compra Libro